Datum a čas kvízu
21.5
Celkem bodů
Celkový počet nahraných bodů na tomto kvízu bez doplňovacích otázek.
9.
Pořadí na kvízu
Konečné umístění týmu na tomto kvízu.
Zaznamenané odpovědi
| # | Otázka | Odpověď | Body | Výsledky |
|---|---|---|---|---|
| 1. | Mobilní aplikace Tečka prošla... | v modré | 1 | |
| 2. | Britský vědec Michael Yeadon o... | Pouze pro osoby neočkované proti koronaviru. | 0 | |
| 3. | Televize Nova představila minu... | Ondřej Sokol | 0 | |
| 4. | Elektrokola jsou v současnosti... | Harley-Davidson | 0 | |
| 5. | V sobotu odstartovala poslední... | ve Španělsku | 0 | |
| 6. | V následujících otázkách se po... | lilek | 0 | |
| 7. | Jak se jmenuje italský dezert... | affogato | 1 | |
| 8. | Obě nejzákladnější pizzy, tedy... | Neapol | 1 | |
| 9. | Na severu Itálie se v kuchyni... | polenta | 0 | |
| 10. | Uveďte název pečiva, které vid... | focaccia | 1 |